Ministers as leaders /
Spremljeno u:
| Glavni autor: | |
|---|---|
| Format: | Knjiga |
| Jezik: | engleski |
| Izdano: |
Nashville :
Broadman,
c1984.
|
| Teme: | |
| Oznake: |
Bez oznaka, Budi prvi tko označuje ovaj zapis!
|
MARC
| LEADER | 00000cam a22000002a 4500 | ||
|---|---|---|---|
| 001 | 0000011724 | ||
| 003 | DAYSTAR | ||
| 005 | 20171002014725.0 | ||
| 008 | 030703s1984 xx 001 0 eng d | ||
| 020 | |a 0805431101 | ||
| 040 | |a Daystar |d BNjogu | ||
| 050 | 0 | 0 | |a BV 652.1 |b .D34 |
| 100 | 1 | |a Dale, Robert D. | |
| 245 | 1 | 0 | |a Ministers as leaders / |c Robert D. Dale. |
| 260 | |a Nashville : |b Broadman, |c c1984. | ||
| 300 | |a 132 p. | ||
| 650 | 0 | |a Christian leadership. | |
| 908 | |a 060412 | ||
| 942 | |c G | ||
| 952 | |0 4 |1 0 |4 0 |6 BV06521 D34 |7 0 |9 6219 |a DUN |b DUN |c STORE |d 2017-09-28 |l 0 |o BV 652.1.D34 |p BK029092 |r 2017-09-28 00:00:00 |t c. |w 2017-09-28 |x 52627 |y G | ||
| 999 | |c 4053 |d 4053 | ||